000
00212nam a22000857a 4500
008
160715b xxu||||| |||| 00| 0 eng d
100
_9
2879
_a
Kidz Om
245
_a
101 Jungle Stories
260
_a
New Delhi
_b
Om kidz
_c
2013
999
_c
2451
_d
2451